| 000 | 00726cab a2200229 4500 | ||
|---|---|---|---|
| 001 | ABS49159 | ||
| 008 | 090401t1993 xxu||||| |||| 00| 0 eng d | ||
| 035 | _a(Sirsi) u70218 | ||
| 041 | _aeng | ||
| 100 | _aRichardson, B. | ||
| 245 | _aHow EC rules affect architects | ||
| 260 | _c1993 | ||
| 350 | _a0 | ||
| 490 |
_aArchitects` Journal _v198(6) 11 August 1993, 28-29(2) |
||
| 520 | _aConsiders how the EC Services Directive will alter the public sector procurement process and how this relates to architects responsibilities and levels of fees. | ||
| 650 | _aEC DIRECTIVES | ||
| 650 | _aPROCUREMENT METHODS | ||
| 650 | _aSERVICES DIRECTIVE | ||
| 690 | _aEUROPE-SINGLE MARKET | ||
| 942 | _n0 | ||
| 948 | _c04/03/1997 | ||
| 999 |
_c44168 _d44168 |
||